Normal view
MARC view
- O'Regan, Gerard
Entry Personal Name
001 - CONTROL NUMBER
- control field: 113911
003 - CONTROL NUMBER IDENTIFIER
- control field: NUST
005 - DATE AND TIME OF LATEST TRANSACTION
- control field: 20230802162635.0
008 - FIXED-LENGTH DATA ELEMENTS
- fixed length control field: 230802|| aca||aabn | a|a d
040 ## - CATALOGING SOURCE
- Original cataloging agency: NUST
- Transcribing agency: NUST
100 ## - HEADING--PERSONAL NAME
- Personal name: O'Regan, Gerard
670 ## - SOURCE DATA FOUND
- Source citation: Work cat.: (NUST): O'Regan, Gerard, Concise guide to software testing, 2019.
